[Event "Festival INGEM - PLZEŇ 2013"]
[Site "Plzeň (Česká republika)"]
[Date "2013.08.19"]
[Round "3.8"]
[White "Cecil, Pavel"]
[Black "Kireev, Aleksei"]
[Result "0-1"]
[WhiteElo "1941"]
[BlackElo "2337"]
[PlyCount "101"]
[EventDate "2013.08.17"]
[Source "ChessBase"]
[SourceDate "1996.11.15"]

1. Nf3 g6 2. c4 Bg7 3. Nc3 d6 4. g3 e5 5. Bg2 c6 6. O-O f5 7. d3 Nh6 8. e4 O-O
9. Rb1 a5 10. a3 f4 11. d4 Nd7 12. dxe5 dxe5 13. b4 axb4 14. axb4 g5 15. h3 Nf7
16. g4 Qf6 17. Nd2 Qg6 18. f3 h5 19. Kf2 Nf6 20. Bb2 Rd8 21. Qe2 Nh6 22. Rfd1
hxg4 23. hxg4 Nfxg4+ 24. fxg4 Bxg4 25. Bf3 Be6 26. Bh5 Qf6 27. Nf3 g4 28. Nd5
cxd5 29. Bxe5 gxf3 30. Bxf6 fxe2 31. Rg1 Rd7 32. cxd5 Bh3 33. Kxe2 Rf8 34. e5
Kh7 35. Bxg7 Rxg7 36. Rxg7+ Kxg7 37. Rg1+ Kh8 38. e6 Rf5 39. Bf3 Re5+ 40. Kf2
Bf5 41. Rg5 Re3 42. Bh5 Kh7 43. Be2 b6 44. Bh5 Kh8 45. Be2 Bh7 46. Bh5 Nf5 47.
Bg6 Bxg6 48. Rxg6 Re5 49. Rg4 Ne3 50. Rxf4 Nxd5 51. Rd4 0-1

[Event "Festival INGEM - PLZEŇ 2013"]
[Site "Plzeň (Česká republika)"]
[Date "2013.08.19"]
[Round "3.9"]
[White "Chudinovskikh, Alexander M"]
[Black "Sura, Jaroslav"]
[Result "1-0"]
[WhiteElo "2320"]
[BlackElo "2050"]
[PlyCount "57"]
[EventDate "2013.08.17"]
[Source "ChessBase"]
[SourceDate "1996.11.15"]

1. d4 g6 2. e4 Bg7 3. Nc3 d6 4. f4 c6 5. Nf3 Bg4 6. Be3 Nd7 7. h3 Bxf3 8. Qxf3
e6 9. f5 Ngf6 10. g4 exf5 11. exf5 Qa5 12. O-O-O d5 13. Bf4 O-O-O 14. Bh2 Ne4
15. Nxe4 dxe4 16. Qg3 Rhe8 17. Bc4 gxf5 18. gxf5 Rg8 19. Qf4 Bf6 20. Qxe4 Rde8
21. Qf3 Re3 22. Qf1 Qb4 23. Bxf7 Rg7 24. Bb3 Bxd4 25. Qf4 Bxb2+ 26. Kxb2 Qc3+
27. Kb1 Ne5 28. Qd4 Nc4 29. Qd8# 1-0

[Event "Festival INGEM - PLZEŇ 2013"]
[Site "Plzeň (Česká republika)"]
[Date "2013.08.19"]
[Round "3.10"]
[White "Jurek, Josef"]
[Black "Janecek, Pavel"]
[Result "1-0"]
[WhiteElo "2276"]
[BlackElo "1892"]
[PlyCount "97"]
[EventDate "2013.08.17"]
[Source "ChessBase"]
[SourceDate "1996.11.15"]

1. Nf3 f5 2. g3 Nf6 3. Bg2 g6 4. b4 Bg7 5. Bb2 O-O 6. O-O c6 7. c4 d5 8. Qb3 e6
9. d3 a5 10. a3 Re8 11. Nbd2 Nbd7 12. e4 fxe4 13. dxe4 Nxe4 14. Nxe4 dxe4 15.
Nd2 Bxb2 16. Qxb2 Qf6 17. Qxf6 Nxf6 18. b5 a4 19. bxc6 bxc6 20. Nxe4 Nxe4 21.
Bxe4 Ra6 22. Rab1 Kf8 23. c5 Rd8 24. Rb8 Ke7 25. Rfb1 Ra5 26. Rc1 Ra6 27. h4
Kd7 28. Kg2 Kc7 29. Rb4 Bd7 30. h5 gxh5 31. Bxh7 Rh8 32. Bd3 Ra7 33. Rh4 Raa8
34. Rcc4 Ra5 35. Bg6 Be8 36. Bxe8 Rxe8 37. Rxh5 Re7 38. Re5 Ra8 39. g4 Kd7 40.
Kg3 Ke8 41. Rh5 Kd7 42. Rb4 Ra7 43. f4 Kc7 44. Re5 Kc8 45. g5 Red7 46. Rxe6
Rd3+ 47. Kg4 Rxa3 48. Re8+ Kd7 49. Rbe4 1-0

[Event "Festival INGEM - PLZEŇ 2013"]
[Site "Plzeň (Česká republika)"]
[Date "2013.08.19"]
[Round "3.12"]
[White "Klement, Lukas"]
[Black "Janska, Jitka"]
[Result "1-0"]
[WhiteElo "2241"]
[BlackElo "1939"]
[PlyCount "55"]
[EventDate "2013.08.17"]
[Source "ChessBase"]
[SourceDate "1996.11.15"]

1. d4 d5 2. c4 e6 3. Nf3 Nf6 4. Nc3 Be7 5. Qc2 O-O 6. Bf4 c6 7. e3 Nbd7 8.
O-O-O dxc4 9. Bxc4 b5 10. Bd3 Qb6 11. g4 Kh8 12. g5 Nd5 13. Nxd5 cxd5 14. Qe2
b4 15. Ne5 Nxe5 16. Bxe5 Qc6+ 17. Kb1 Qe8 18. Qh5 f5 19. Qh4 Kg8 20. Rhg1 g6
21. Qf4 a5 22. h4 Ba6 23. Bxa6 Rxa6 24. h5 a4 25. Rh1 b3 26. hxg6 Qxg6 27. Rh6
Qe8 28. Rxh7 1-0

[Event "Festival INGEM - PLZEŇ 2013"]
[Site "Plzeň (Česká republika)"]
[Date "2013.08.19"]
[Round "3.13"]
[White "Kopriva, Petr"]
[Black "Sladek, Jaroslav"]
[Result "1/2-1/2"]
[WhiteElo "2061"]
[BlackElo "2034"]
[PlyCount "22"]
[EventDate "2013.08.17"]
[Source "ChessBase"]
[SourceDate "1996.11.15"]

1. e4 e5 2. Nf3 Nc6 3. Bb5 a6 4. Ba4 Nf6 5. O-O b5 6. Bb3 Be7 7. c3 d6 8. Re1
O-O 9. h3 Na5 10. Bc2 c5 11. d4 Qc7 1/2-1/2

[Event "Festival INGEM - PLZEŇ 2013"]
[Site "Plzeň (Česká republika)"]
[Date "2013.08.19"]
[Round "3.14"]
[White "Ruzicka, Tomas"]
[Black "Eretova, Jana"]
[Result "0-1"]
[WhiteElo "1782"]
[BlackElo "2093"]
[PlyCount "80"]
[EventDate "2013.08.17"]
[Source "ChessBase"]
[SourceDate "1996.11.15"]

1. e4 c5 2. f4 e6 3. Nf3 Nc6 4. Bb5 Nf6 5. Nc3 Nd4 6. e5 Nxb5 7. Nxb5 Nd5 8. d3
Qa5+ 9. Nc3 Nxc3 10. bxc3 d5 11. Bd2 Be7 12. O-O O-O 13. Qe1 f6 14. Qg3 Qd8 15.
Nh4 fxe5 16. Nf3 e4 17. Ne5 exd3 18. cxd3 Bd7 19. c4 Be8 20. Bc3 d4 21. Bd2 Rf6
22. Rf2 a6 23. Raf1 Bg6 24. f5 exf5 25. Bg5 Re6 26. Bxe7 Qxe7 27. Nxg6 hxg6 28.
Qf3 Rb8 29. Qd5 Qd6 30. Qf3 Re3 31. Qd1 b5 32. Qb3 b4 33. a3 a5 34. axb4 axb4
35. Ra2 Qc6 36. Rfa1 Rbe8 37. Qc2 Qe6 38. Qd2 b3 39. Ra6 Re1+ 40. Rxe1 Qxe1+
0-1

[Event "Festival INGEM - PLZEŇ 2013"]
[Site "Plzeň (Česká republika)"]
[Date "2013.08.19"]
[Round "3.15"]
[White "Goldobin, Tomas"]
[Black "Gabrys, Lukas"]
[Result "1/2-1/2"]
[WhiteElo "2019"]
[BlackElo "1759"]
[PlyCount "65"]
[EventDate "2013.08.17"]
[Source "ChessBase"]
[SourceDate "1996.11.15"]

1. d4 Nf6 2. c4 e6 3. Nf3 c5 4. d5 exd5 5. cxd5 d6 6. Nc3 g6 7. e4 Bg7 8. Bb5+
Bd7 9. Qa4 O-O 10. O-O Bxb5 11. Qxb5 Qc7 12. Bf4 a6 13. Qb3 Nbd7 14. a4 Ng4 15.
Rac1 Nge5 16. Nxe5 Nxe5 17. Bxe5 Bxe5 18. f4 Bd4+ 19. Kh1 Rfe8 20. Rfe1 Rab8
21. Qc4 Qa5 22. Re2 b5 23. axb5 axb5 24. Qd3 Bg7 25. Rce1 c4 26. Qg3 b4 27. Nd1
c3 28. bxc3 bxc3 29. e5 Qxd5 30. Nxc3 Qc6 31. exd6 Rxe2 32. Nxe2 Qxd6 33. Qe3
1/2-1/2

[Event "Festival INGEM - PLZEŇ 2013"]
[Site "Plzeň (Česká republika)"]
[Date "2013.08.19"]
[Round "3.16"]
[White "Novy, Jan"]
[Black "Mares, Vaclav"]
[Result "0-1"]
[WhiteElo "1727"]
[BlackElo "2010"]
[PlyCount "48"]
[EventDate "2013.08.17"]
[Source "ChessBase"]
[SourceDate "1996.11.15"]

1. c4 Nf6 2. Nc3 d5 3. cxd5 Nxd5 4. g3 e5 5. Bg2 Be6 6. Nf3 Nc6 7. d3 Be7 8.
O-O O-O 9. h4 h6 10. e4 Ndb4 11. Ne1 Nd4 12. a3 Nb3 13. axb4 Nxa1 14. Bxh6 gxh6
15. Qxa1 Bxb4 16. Qd1 Bxc3 17. bxc3 Kg7 18. f4 exf4 19. Rxf4 f5 20. e5 Bd5 21.
Rd4 c6 22. c4 Qb6 23. Nf3 Bxf3 24. Qa1 Bxg2 0-1

[Event "Festival INGEM - PLZEŇ 2013"]
[Site "Plzeň (Česká republika)"]
[Date "2013.08.19"]
[Round "3.17"]
[White "Palkova, Hana"]
[Black "Kocandova, Martina"]
[Result "1-0"]
[WhiteElo "1992"]
[BlackElo "1743"]
[PlyCount "126"]
[EventDate "2013.08.17"]
[Source "ChessBase"]
[SourceDate "1996.11.15"]

1. d4 Nf6 2. c4 g6 3. Nc3 Bg7 4. e4 d6 5. f3 O-O 6. Be3 e5 7. Nge2 c6 8. Qd2
Qc7 9. Nc1 Ne8 10. dxe5 dxe5 11. Bc5 Nd7 12. Bxf8 Nxf8 13. Be2 Be6 14. O-O Qb6+
15. Kh1 Rd8 16. Qc2 Qe3 17. Nb3 f5 18. Rad1 Rb8 19. Qd3 Qg5 20. Qd2 f4 21. Nc5
Bf7 22. b3 Bf6 23. Qe1 Ng7 24. g3 Nh5 25. g4 Ng7 26. Rg1 Nge6 27. Nxe6 Nxe6 28.
Kg2 Qh6 29. Rh1 Bh4 30. Qf1 Ng5 31. Na4 Qf8 32. c5 Ne6 33. Bc4 Be7 34. b4 Nd4
35. Rd2 Rd8 36. Nb2 h5 37. h3 Kh7 38. Qc1 Be8 39. Nd3 Qf6 40. Qe1 h4 41. Qc1 g5
42. Qa3 Ra8 43. Rhd1 Ne6 44. Qc3 a5 45. a3 axb4 46. axb4 Nf8 47. Qb3 Ng6 48.
Nb2 Nf8 49. Na4 Rb8 50. Nb6 Bd8 51. Rd6 Qe7 52. Na4 Bc7 53. R6d2 Kg7 54. Qc3
Bd7 55. Nb6 Be8 56. Bb3 Kf6 57. Qc4 Bf7 58. Qxf7+ Qxf7 59. Bxf7 Bxb6 60. cxb6
Kxf7 61. Rd8 Rxd8 62. Rxd8 Ke7 63. Rb8 Kd6 1-0

[Event "Festival INGEM - PLZEŇ 2013"]
[Site "Plzeň (Česká republika)"]
[Date "2013.08.19"]
[Round "3.18"]
[White "Stancik, Jakub"]
[Black "Hrdlicka, Vaclav"]
[Result "1-0"]
[WhiteElo "1895"]
[BlackElo "1725"]
[PlyCount "41"]
[EventDate "2013.08.17"]
[Source "ChessBase"]
[SourceDate "1996.11.15"]

1. d4 d5 2. Nf3 Nf6 3. c4 e6 4. Nc3 c5 5. e3 Nc6 6. a3 a6 7. Bd3 dxc4 8. Bxc4
cxd4 9. exd4 Nd5 10. O-O Be7 11. Re1 O-O 12. Qd3 Re8 13. Bb3 h6 14. Bc2 Nf6 15.
Bf4 b5 16. Rad1 Bb7 17. d5 Na5 18. d6 Bf8 19. d7 Re7 20. Ne5 Nc6 21. Ng4 1-0

[Event "Festival INGEM - PLZEŇ 2013"]
[Site "Plzeň (Česká republika)"]
[Date "2013.08.19"]
[Round "3.19"]
[White "Vachal, Josef"]
[Black "Simet, Martin"]
[Result "1-0"]
[WhiteElo "1891"]
[BlackElo "1708"]
[PlyCount "77"]
[EventDate "2013.08.17"]
[Source "ChessBase"]
[SourceDate "1996.11.15"]

1. d4 d5 2. Nf3 Nf6 3. g3 Nbd7 4. Bg2 g6 5. c4 e6 6. Nc3 c6 7. cxd5 exd5 8. Bf4
Nb6 9. h3 h6 10. Ne5 g5 11. Bd2 Bg7 12. Qc2 Nfd7 13. f4 Nxe5 14. fxe5 Be6 15.
Na4 Nc4 16. Nc5 Qc8 17. Nxe6 Qxe6 18. Bc1 Bf8 19. O-O Be7 20. a3 Rc8 21. b3 Nb6
22. a4 a5 23. Ba3 Bxa3 24. Rxa3 Qe7 25. Raa1 Nd7 26. e4 Nb6 27. Rf6 Qb4 28. Qf2
Rc7 29. Rf1 Rh7 30. e6 Qf8 31. Qf5 Qg7 32. exd5 cxd5 33. Bxd5 Nxd5 34. exf7+
Rxf7 35. Qc8+ Ke7 36. Qxb7+ Kd8 37. Qxd5+ Rd7 38. Qxa5+ Ke7 39. Qe5+ 1-0

[Event "Festival INGEM - PLZEŇ 2013"]
[Site "Plzeň (Česká republika)"]
[Date "2013.08.19"]
[Round "3.20"]
[White "Lorenc, David"]
[Black "Hladik, Pavel"]
[Result "1/2-1/2"]
[WhiteElo "1715"]
[BlackElo "1890"]
[PlyCount "79"]
[EventDate "2013.08.17"]
[Source "ChessBase"]
[SourceDate "1996.11.15"]

1. e4 e6 2. Nc3 d5 3. Nf3 Nf6 4. exd5 exd5 5. d4 Bb4 6. Bg5 O-O 7. Be2 c6 8.
O-O Bg4 9. Ne5 Bxe2 10. Nxe2 Qd6 11. Bxf6 Qxf6 12. Ng3 g6 13. Qg4 Bd2 14. c3
Qf4 15. Qxf4 Bxf4 16. Rfe1 Rd8 17. Nd3 Bd6 18. Re2 Nd7 19. Rae1 Kf8 20. Nf1 Re8
21. Nd2 Rxe2 22. Rxe2 Re8 23. Rxe8+ Kxe8 24. h3 h5 25. Kf1 Ke7 26. Ke2 Nf8 27.
Nb3 f6 28. Na5 Ne6 29. Nxb7 Nf4+ 30. Nxf4 Bxf4 31. b4 Kd7 32. a4 Kc7 33. Nc5
Bd6 34. Kd3 g5 35. Ne6+ Kd7 36. Ng7 h4 37. Nf5 Bf8 38. Ne3 Ke6 39. Nc2 Bd6 40.
Ne3 1/2-1/2

[Event "Festival INGEM - PLZEŇ 2013"]
[Site "Plzeň (Česká republika)"]
[Date "2013.08.19"]
[Round "3.21"]
[White "Kalista, Karel"]
[Black "Holy, Filip"]
[Result "1-0"]
[WhiteElo "1880"]
[BlackElo "1660"]
[PlyCount "26"]
[EventDate "2013.08.17"]
[Source "ChessBase"]
[SourceDate "1996.11.15"]

1. d4 d5 2. c4 c6 3. Nf3 Nf6 4. Nc3 a6 5. c5 Bf5 6. Qb3 Qc8 7. Bf4 h6 8. e3 e6
9. Rd1 Nbd7 10. h3 Be7 11. Bd3 Ne4 12. Nxe4 dxe4 13. Nd2 Nf6 1-0

[Event "Festival INGEM - PLZEŇ 2013"]
[Site "Plzeň (Česká republika)"]
[Date "2013.08.19"]
[Round "3.22"]
[White "Kellner, Rene"]
[Black "Hajek, Jiri"]
[Result "0-1"]
[WhiteElo "1660"]
[BlackElo "1879"]
[PlyCount "34"]
[EventDate "2013.08.17"]
[Source "ChessBase"]
[SourceDate "1996.11.15"]

1. c4 Nf6 2. Nf3 g6 3. Nc3 Bg7 4. g3 O-O 5. Bg2 d6 6. O-O e5 7. d3 Nc6 8. a3 h6
9. Rb1 Be6 10. b4 Qd7 11. Bb2 Bh3 12. b5 Nd4 13. Re1 Bxg2 14. Kxg2 Nxf3 15.
exf3 Nh7 16. Ne2 Ng5 17. f4 Qh3+ 0-1

[Event "Festival INGEM - PLZEŇ 2013"]
[Site "Plzeň (Česká republika)"]
[Date "2013.08.19"]
[Round "3.23"]
[White "Bartosek, Ivan"]
[Black "Stanek, Vaclav"]
[Result "0-1"]
[WhiteElo "1855"]
[BlackElo "1645"]
[PlyCount "128"]
[EventDate "2013.08.17"]
[Source "ChessBase"]
[SourceDate "1996.11.15"]

1. e4 d6 2. d4 Nf6 3. Bd3 g6 4. c4 c5 5. d5 Bg7 6. f4 e6 7. Nc3 exd5 8. Nxd5
O-O 9. Nf3 Nxd5 10. cxd5 b6 11. Qc2 Ba6 12. O-O Bxd3 13. Qxd3 Nd7 14. Rb1 Qc7
15. Bd2 c4 16. Qc2 Rac8 17. Bc3 Nf6 18. Rfe1 Rfe8 19. Rbd1 Qb7 20. Nd4 b5 21.
Nc6 Nd7 22. b4 Nb6 23. Bxg7 Kxg7 24. Qc3+ f6 25. Qd4 Nd7 26. Qxa7 Qxa7+ 27.
Nxa7 Rb8 28. Re2 Rb7 29. Nc6 Ra8 30. Rc1 Ra3 31. g4 Rf3 32. Kg2 Rd3 33. h4 Rb6
34. g5 Ra6 35. Na5 Kf7 36. Rh1 Ra8 37. h5 Rc8 38. hxg6+ Kxg6 39. Rh6+ Kg7 40.
Nb7 c3 41. Rh1 fxg5 42. Nxd6 Ra8 43. Nxb5 gxf4 44. Kf2 Ne5 45. Rc2 Ng4+ 46. Ke2
Re3+ 47. Kf1 Rxe4 48. Rg1 h5 49. Nxc3 Rc4 50. Ke2 Kf6 51. Kd3 Ne5+ 52. Ke2 Rac8
53. Rgc1 Kf5 54. a3 f3+ 55. Ke3 h4 56. d6 Ke6 57. b5 f2 58. d7 Kxd7 59. Kxf2
Nd3+ 60. Ke3 Nxc1 61. Rd2+ Kc7 62. Nd5+ Kb7 63. Rf2 Re8+ 64. Kd2 Rd4+ 0-1

[Event "Festival INGEM - PLZEŇ 2013"]
[Site "Plzeň (Česká republika)"]
[Date "2013.08.19"]
[Round "3.24"]
[White "Zach, Tomas"]
[Black "Pokomandy, Mikulas"]
[Result "0-1"]
[WhiteElo "1644"]
[BlackElo "1828"]
[PlyCount "124"]
[EventDate "2013.08.17"]
[Source "ChessBase"]
[SourceDate "1996.11.15"]

1. Nf3 Nf6 2. d4 e6 3. c4 d5 4. Nc3 Be7 5. e3 O-O 6. Bd3 b6 7. O-O Bb7 8. cxd5
exd5 9. Qc2 h6 10. b3 Nc6 11. Bb2 Nb4 12. Qe2 Nxd3 13. Qxd3 Ne4 14. Nd2 Nf6 15.
Rfc1 Qd7 16. f3 Rfe8 17. Nd1 Bd6 18. Nf2 Rac8 19. Nf1 Nh7 20. f4 Nf6 21. h3 Re7
22. a4 Rce8 23. Ba3 Bxa3 24. Rxa3 Ne4 25. b4 Qd6 26. Nxe4 Rxe4 27. Qd2 c6 28.
Ng3 R4e6 29. Nf5 Qd7 30. Rac3 Rg6 31. Nh4 Rge6 32. Nf3 Qe7 33. Kf2 Qxb4 34. Qa2
f6 35. Qa3 Qxa3 36. Rxa3 Kf7 37. f5 R6e7 38. Nh4 Rc7 39. Rac3 Rec8 40. g4 c5
41. Ng6 Rc6 42. Nf4 cxd4 43. Rxc6 dxe3+ 44. Kxe3 Rxc6 45. Rxc6 Bxc6 46. a5 bxa5
47. Kd4 a4 48. Ne6 Ke7 49. Kc3 g6 50. Nd4 Be8 51. fxg6 Bxg6 52. Nc6+ Kd6 53.
Nxa7 Ke5 54. Nc6+ Kf4 55. Ne7 Bf7 56. Kb4 d4 57. Nf5 d3 58. Nd4 Bb3 59. Kc3 Kg3
60. Kxd3 Kxh3 61. Nf5 Kxg4 62. Nxh6+ Kg5 0-1

[Event "Festival INGEM - PLZEŇ 2013"]
[Site "Plzeň (Česká republika)"]
[Date "2013.08.19"]
[Round "3.26"]
[White "Sroubova, Lenka"]
[Black "Truksa, Vaclav"]
[Result "1/2-1/2"]
[WhiteElo "1802"]
[BlackElo "1637"]
[PlyCount "115"]
[EventDate "2013.08.17"]
[Source "ChessBase"]
[SourceDate "1996.11.15"]

1. Nf3 c5 2. g3 d5 3. Bg2 e6 4. d3 Nf6 5. O-O Be7 6. Nbd2 Nc6 7. e4 O-O 8. Re1
Qc7 9. e5 Nd7 10. Qe2 Nb4 11. Nf1 b6 12. a3 Nc6 13. Bf4 a5 14. h4 Ba6 15. c4
dxc4 16. dxc4 Rfd8 17. Qe4 Rac8 18. N1h2 Nf8 19. Ng4 Nd4 20. Rac1 Bb7 21. Qe3
Nxf3+ 22. Bxf3 Bxf3 23. Qxf3 Ng6 24. Bg5 Bxg5 25. hxg5 Rd2 26. Re2 Rcd8 27. Kg2
Rxe2 28. Qxe2 Qb7+ 29. Kh2 Qd7 30. Rc3 Qd4 31. Rb3 Kf8 32. Rxb6 Qd2 33. Qf3
Qxg5 34. Rb7 Qf5 35. Kg2 Qxf3+ 36. Kxf3 h5 37. Ne3 Nxe5+ 38. Ke2 Rd4 39. Rb5
Nxc4 40. Nxc4 Rxc4 41. Rxa5 Rc2+ 42. Kf1 Rxb2 43. Rxc5 Ra2 44. Ra5 g6 45. Ra7
Kg7 46. a4 Kf6 47. Kg2 g5 48. a5 e5 49. Kf3 g4+ 50. Ke3 Kg6 51. Ra8 f6 52. Rg8+
Kh7 53. Ra8 f5 54. a6 f4+ 55. gxf4 h4 56. fxe5 h3 57. Ra7+ Kh6 58. Ra8 1/2-1/2

[Event "Festival INGEM - PLZEŇ 2013"]
[Site "Plzeň (Česká republika)"]
[Date "2013.08.19"]
[Round "3.27"]
[White "Kovarik, Matyas"]
[Black "Halla, Jiri"]
[Result "0-1"]
[WhiteElo "1562"]
[BlackElo "1816"]
[PlyCount "120"]
[EventDate "2013.08.17"]
[Source "ChessBase"]
[SourceDate "1996.11.15"]

1. e4 e6 2. d4 d5 3. exd5 exd5 4. c4 Nf6 5. Nc3 Nc6 6. Nf3 Bg4 7. h3 Bh5 8. c5
Be7 9. Bb5 O-O 10. g4 Bg6 11. Bxc6 bxc6 12. Ne5 Qc8 13. f4 Be4 14. Nxc6 Qe6 15.
Nxe7+ Qxe7 16. O-O Rfe8 17. Re1 Qd7 18. Bd2 h5 19. g5 Qxh3 20. Nxe4 Nxe4 21.
Re3 Qh4 22. Rf3 Qg4+ 23. Kh2 Nxd2 24. Rf2 Qxd1 25. Rxd1 Ne4 26. Rf3 Rab8 27. b3
f5 28. Kg2 Re6 29. Rc1 c6 30. Rc2 Re7 31. Rh3 g6 32. Rf3 Rb4 33. Rd3 a5 34. a3
Rb8 35. Rb2 Reb7 36. Kf1 Kf7 37. Ke2 Ke6 38. Ke3 Rb5 39. Ke2 Kd7 40. Ke3 Re8
41. Kf3 Kc7 42. Re3 Rbb8 43. Rbe2 Kd7 44. Rb2 Re7 45. Rd3 Kc7 46. Re2 Nxg5+ 47.
fxg5 Rxe2 48. Kxe2 Re8+ 49. Re3 Re4 50. Kd3 h4 51. a4 Kd7 52. Rh3 Rg4 53. Rh1
Rg3+ 54. Kc2 h3 55. Kb2 Rg2+ 56. Kc3 h2 57. Kd3 f4 58. b4 axb4 59. a5 Kc7 60.
a6 Kb8 0-1

[Event "Festival INGEM - PLZEŇ 2013"]
[Site "Plzeň (Česká republika)"]
[Date "2013.08.19"]
[Round "3.28"]
[White "Jesensky, Jaromir"]
[Black "Berka, Lubos"]
[Result "0-1"]
[WhiteElo "1578"]
[BlackElo "1800"]
[PlyCount "50"]
[EventDate "2013.08.17"]
[Source "ChessBase"]
[SourceDate "1996.11.15"]

1. e4 c6 2. d4 d5 3. exd5 cxd5 4. Bd3 Nc6 5. c3 Nf6 6. Bf4 Qb6 7. Qc2 Bd7 8.
Nf3 Rc8 9. a3 Bg4 10. Nbd2 e6 11. O-O Bh5 12. Rfe1 Bg6 13. Bxg6 hxg6 14. Ng5
Nxd4 15. Qa4+ Nc6 16. Nxe6 fxe6 17. Rxe6+ Kf7 18. Rae1 Bc5 19. Bg3 Rhe8 20. Nc4
dxc4 21. Qxc4 Kf8 22. b4 Rxe6 23. Qxe6 Re8 24. Bd6+ Bxd6 25. Qxd6+ Ne7 0-1

[Event "Festival INGEM - PLZEŇ 2013"]
[Site "Plzeň (Česká republika)"]
[Date "2013.08.19"]
[Round "3.29"]
[White "Bruna, Martin"]
[Black "Heidebreck, Rainer"]
[Result "0-1"]
[WhiteElo "1435"]
[BlackElo "1761"]
[PlyCount "52"]
[EventDate "2013.08.17"]
[Source "ChessBase"]
[SourceDate "1996.11.15"]

1. e4 g6 2. d4 Bg7 3. Nc3 c5 4. d5 d6 5. Nf3 Nf6 6. Be3 O-O 7. Be2 Nbd7 8. O-O
b6 9. Qd2 Ng4 10. Bf4 Nde5 11. Nxe5 Nxe5 12. Bh6 Ng4 13. Bxg7 Kxg7 14. Bxg4
Bxg4 15. h3 Bd7 16. g4 b5 17. Ne2 h5 18. gxh5 Bxh3 19. h6+ Kh7 20. Nf4 Bxf1 21.
Kxf1 Qd7 22. f3 Rg8 23. Kg2 b4 24. Rh1 a5 25. Nh3 g5 26. Nxg5+ Rxg5+ 0-1

[Event "Festival INGEM - PLZEŇ 2013"]
[Site "Plzeň (Česká republika)"]
[Date "2013.08.19"]
[Round "4.1"]
[White "Plischki, Sebastian"]
[Black "Sabuk, Piotr"]
[Result "1-0"]
[WhiteElo "2421"]
[BlackElo "2239"]
[PlyCount "73"]
[EventDate "2013.08.17"]
[Source "ChessBase"]
[SourceDate "1996.11.15"]

1. d4 Nf6 2. c4 e6 3. Nc3 Bb4 4. e3 c5 5. Nge2 cxd4 6. exd4 d5 7. a3 Be7 8. Nf4
Nc6 9. Be3 O-O 10. cxd5 Nxd5 11. Ncxd5 exd5 12. Bd3 Bf6 13. O-O g6 14. Rc1 Bg7
15. Bb1 Qd6 16. Rc5 Be6 17. Nxe6 fxe6 18. b4 Rfc8 19. h4 b6 20. Rc1 Qf8 21. h5
Ne7 22. hxg6 hxg6 23. Qg4 Qf7 24. Bd3 Nf5 25. b5 Qe8 26. Rc6 Rxc6 27. bxc6 Rc8
28. Ba6 Rc7 29. Bb5 Nd6 30. a4 a6 31. Bxa6 Rxc6 32. Bd3 Rc8 33. Bxg6 Qd7 34.
Rc1 Nc4 35. Bd3 Qf7 36. Bh6 Re8 37. Bg6 1-0

[Event "Festival INGEM - PLZEŇ 2013"]
[Site "Plzeň (Česká republika)"]
[Date "2013.08.19"]
[Round "4.2"]
[White "Haba, Zdenek"]
[Black "Simunek, Filip"]
[Result "1/2-1/2"]
[WhiteElo "2241"]
[BlackElo "2129"]
[PlyCount "43"]
[EventDate "2013.08.17"]
[Source "ChessBase"]
[SourceDate "1996.11.15"]

1. d4 d5 2. c4 dxc4 3. e4 Nf6 4. e5 Nd5 5. Bxc4 Nb6 6. Bb3 e6 7. Nf3 c5 8. Bg5
Be7 9. Bxe7 Qxe7 10. O-O c4 11. Bc2 Bd7 12. Nc3 Bc6 13. Ne4 Nc8 14. Nfd2 b5 15.
Qg4 Kf8 16. f4 h5 17. Qe2 g6 18. a4 a6 19. Nf6 Nb6 20. axb5 axb5 21. Rxa8 Bxa8
22. Ra1 1/2-1/2

[Event "Festival INGEM - PLZEŇ 2013"]
[Site "Plzeň (Česká republika)"]
[Date "2013.08.19"]
[Round "4.3"]
[White "Siembab, Bartosz"]
[Black "Neuman, Petr"]
[Result "0-1"]
[WhiteElo "2223"]
[BlackElo "2516"]
[PlyCount "64"]
[EventDate "2013.08.17"]
[Source "ChessBase"]
[SourceDate "1996.11.15"]

1. d4 Nf6 2. c4 g6 3. Nc3 Bg7 4. e4 O-O 5. f4 d6 6. Nf3 Na6 7. Bd3 e5 8. fxe5
dxe5 9. d5 Ne8 10. Be3 c5 11. Qd2 Nd6 12. Bh6 f6 13. Bxg7 Kxg7 14. O-O Bd7 15.
Rf2 Qe7 16. Qe3 b6 17. a3 Rae8 18. Re1 Nf7 19. Nb5 Bxb5 20. cxb5 Nb8 21. Nd2
Nd6 22. a4 f5 23. exf5 gxf5 24. Nc4 Nxc4 25. Bxc4 Nd7 26. d6 Qh4 27. Bd5 Nf6
28. d7 Re7 29. Rxf5 Nxd5 30. Rxf8 Nxe3 31. Rg8+ Kh6 32. Rxe3 Rxd7 0-1

[Event "Festival INGEM - PLZEŇ 2013"]
[Site "Plzeň (Česká republika)"]
[Date "2013.08.19"]
[Round "4.4"]
[White "Jurek, Josef"]
[Black "Vlasak, Lukas"]
[Result "1/2-1/2"]
[WhiteElo "2276"]
[BlackElo "2339"]
[PlyCount "34"]
[EventDate "2013.08.17"]
[Source "ChessBase"]
[SourceDate "1996.11.15"]

1. d4 Nf6 2. c4 e6 3. Nf3 b6 4. Nc3 Bb7 5. a3 d5 6. Bg5 Be7 7. Qa4+ c6 8. Bxf6
Bxf6 9. cxd5 exd5 10. g3 O-O 11. Bg2 c5 12. Rd1 Qe7 13. O-O Rd8 14. Rfe1 Na6
15. e3 Nc7 16. Rd2 Ne6 17. Qd1 Rac8 1/2-1/2

[Event "Festival INGEM - PLZEŇ 2013"]
[Site "Plzeň (Česká republika)"]
[Date "2013.08.19"]
[Round "4.5"]
[White "Kireev, Aleksei"]
[Black "Klement, Lukas"]
[Result "1-0"]
[WhiteElo "2337"]
[BlackElo "2241"]
[PlyCount "27"]
[EventDate "2013.08.17"]
[Source "ChessBase"]
[SourceDate "1996.11.15"]

1. d4 Nf6 2. Bg5 Ne4 3. Bh4 g5 4. f3 gxh4 5. fxe4 c5 6. e3 Bh6 7. Kf2 cxd4 8.
exd4 Qb6 9. Nc3 Qxb2 10. Nd5 Kd8 11. Rb1 Qa3 12. Qh5 Bg7 13. Nf3 e6 14. Qg5+
1-0

[Event "Festival INGEM - PLZEŇ 2013"]
[Site "Plzeň (Česká republika)"]
[Date "2013.08.19"]
[Round "4.6"]
[White "Fiala, Jaroslav"]
[Black "Chudinovskikh, Alexander M"]
[Result "0-1"]
[WhiteElo "2193"]
[BlackElo "2320"]
[PlyCount "66"]
[EventDate "2013.08.17"]
[Source "ChessBase"]
[SourceDate "1996.11.15"]

1. Nf3 Nf6 2. g3 d5 3. Bg2 e6 4. O-O Be7 5. d3 c5 6. Nbd2 Nc6 7. e4 b6 8. Re1
Bb7 9. Qe2 Qc7 10. a3 h6 11. exd5 Nxd5 12. Nb3 O-O 13. c4 Nf6 14. Bd2 Rad8 15.
Bc3 Rd7 16. Rad1 Rfd8 17. Rd2 a6 18. Ne5 Nxe5 19. Bxe5 Qc8 20. Red1 Bxg2 21.
Kxg2 Qc6+ 22. Qf3 Qa4 23. Nc1 Ne8 24. Bc3 Rd6 25. Be5 Bg5 26. b3 Qd7 27. Rc2
Rc6 28. Ne2 Bf6 29. Bxf6 Nxf6 30. Rcd2 e5 31. Nc3 Rd6 32. Qe2 Rd4 33. a4 e4 0-1

[Event "Festival INGEM - PLZEŇ 2013"]
[Site "Plzeň (Česká republika)"]
[Date "2013.08.19"]
[Round "4.7"]
[White "Docekal, Jan"]
[Black "Palkova, Hana"]
[Result "1-0"]
[WhiteElo "2306"]
[BlackElo "1992"]
[PlyCount "73"]
[EventDate "2013.08.17"]
[Source "ChessBase"]
[SourceDate "1996.11.15"]

1. e4 c5 2. Nf3 e6 3. b4 d6 4. Bb2 Nd7 5. a3 Qc7 6. c4 Ngf6 7. Nc3 a6 8. Be2 b6
9. O-O Bb7 10. d3 Be7 11. Ne1 cxb4 12. axb4 d5 13. cxd5 exd5 14. Rc1 Qd8 15.
Bf3 O-O 16. Nc2 Ne5 17. Be2 dxe4 18. dxe4 Nc6 19. Nd5 Nxe4 20. Nce3 f5 21. Qb3
Kh8 22. Rfd1 Bd6 23. f4 Qh4 24. Rf1 Rae8 25. Rc2 Re6 26. Bd3 Rh6 27. h3 Ng3 28.
Rf3 Ne7 29. Nxe7 Bxf3 30. Qf7 Rf6 31. Bxf6 Qxf6 32. Qxf6 gxf6 33. N7xf5 Nxf5
34. Nxf5 Bxf4 35. gxf3 Rd8 36. Bxa6 h5 37. Rc8 1-0